Catálogo público

Protein analysis in the replication system of the maize chlorotic mottle virus (MCMV) in yeast (Saccharomyces cerevisiae) / (Record no. 219620)

MARC details
000 -CABECERA
campo de control de longitud fija 02389nam a2200301 a 4500
003 - IDENTIFICADOR DEL NÚMERO DE CONTROL
campo de control OSt
005 - FECHA Y HORA DE LA ÚLTIMA TRANSACCIÓN
campo de control 20240904141305.0
007 - CAMPO FIJO DE DESCRIPCIÓN FÍSICA--INFORMACIÓN GENERAL
campo de control de longitud fija cr ||||||a|c|a
008 - DATOS DE LONGITUD FIJA--INFORMACIÓN GENERAL
campo de control de longitud fija 240131s2022 mx a|||fom||| 001 0 eng d
040 ## - FUENTE DE LA CATALOGACIÓN
Normas de descripción rda
100 1# - ENTRADA PRINCIPAL--NOMBRE DE PERSONA
9 (RLIN) 188621
Nombre de persona Gómez Trejo, Libia Fernanda
245 10 - MENCIÓN DE TÍTULO
Título Protein analysis in the replication system of the maize chlorotic mottle virus (MCMV) in yeast (Saccharomyces cerevisiae) /
Mención de responsabilidad, etc. por Libia Fernanda Gómez Trejo ; director de tesis Hernán García Ruiz.
264 #1 - PRODUCCIÓN, PUBLICACIÓN, DISTRIBUCIÓN, FABRICACIÓN Y COPYRIGHT
Producción, publicación, distribución, fabricación y copyright Chapingo, México :
Nombre del de productor, editor, distribuidor, fabricante El autor,
Fecha de producción, publicación, distribución, fabricación o copyright 2022.
300 ## - DESCRIPCIÓN FÍSICA
Extensión 1 recurso en línea (38 páginas):
Otras características físicas tablas, figuras.
336 ## - TIPO DE CONTENIDO
Fuente rdacontent
Término de tipo de contenido texto
Código de tipo de contenido txt
337 ## - TIPO DE MEDIO
Fuente rdamedia
Nombre/término del tipo de medio computadora
Código del tipo de medio c
338 ## - TIPO DE SOPORTE
Fuente rdacarrier
Nombre/término del tipo de soporte recurso en línea
Código del tipo de soporte cr
502 ## - NOTA DE TESIS
Tipo de título Ingeniero Agrónomo Especialista en Parasitología Agrícola
Nombre de la institución que otorga el título Departamento de Enseñanza, Investigación y Servicio en Parasitología Agrícola,
Año de obtención del título 2022.
Información miscelánea Licenciatura
504 ## - NOTA DE BIBLIOGRAFÍA, ETC.
Nota de bibliografía, etc. Incluye referencias bibliográficas: páginas 30-31.
520 ## - SUMARIO, ETC.
Sumario, etc. Con el fin de tener una comprensión más profunda de las funciones de las proteínas p50 y p111 del Maize Chlorotic Mottle Virus (MCMV) en la replicación del virus; se transformaron células de levadura (Saccharomyces cerevisiae) con diferentes combinaciones de plásmidos que incluían genes para expresar p50, p111 y las proteínas del sgRNA1. Se cultivaron bajo un medio selectivo y se hizo un análisis de Western blot. La proteína p50 se detectó en todos los genotipos que incluía un plásmido para expresarla sola o junto con p111. En el caso de p111 no fue posible detectarlo de forma concluyente cuando se utilizó la etiqueta HA. Al usar la etiqueta 6XHis-FLAG se detectó en la familia I (que incluye un plásmido para expresar p50 y p111 juntas). Se necesita más investigación para determinar si la levadura es capaz de expresar p111 sin la presencia del plásmido que expresa p50. Esto permitirá establecer relaciones entre las proteínas y el proceso de replicación que llevaría al desarrollo de una estrategia para enfrentar la Necrosis Letal del Maíz (MLN).
650 #4 - PUNTO DE ACCESO ADICIONAL DE MATERIA--TÉRMINO DE MATERIA
9 (RLIN) 70943
Término de materia o nombre geográfico como elemento de entrada Maíz
Subdivisión general Enfermedades por virus
650 #4 - PUNTO DE ACCESO ADICIONAL DE MATERIA--TÉRMINO DE MATERIA
9 (RLIN) 188587
Término de materia o nombre geográfico como elemento de entrada Necrosis letal del maíz
Subdivisión general Control
650 #7 - PUNTO DE ACCESO ADICIONAL DE MATERIA--TÉRMINO DE MATERIA
9 (RLIN) 188622
Término de materia o nombre geográfico como elemento de entrada Saccharomyces cerevisiae
Subdivisión general Análisis
650 #4 - PUNTO DE ACCESO ADICIONAL DE MATERIA--TÉRMINO DE MATERIA
9 (RLIN) 92448
Término de materia o nombre geográfico como elemento de entrada Proteínas
Subdivisión general Bioquímica
700 1# - PUNTO DE ACCESO ADICIONAL--NOMBRE DE PERSONA
9 (RLIN) 46566
Nombre de persona García Ruiz, Hernán
Término indicativo de función/relación Director de tesis.
856 ## - LOCALIZACIÓN Y ACCESO ELECTRÓNICOS
Identificador Uniforme del Recurso http://10.13.5.2/tesis/tm/1510933-8_Gomez_Trejo_Libia_Fernanda.pdf
Nota pública DESCARGAR PDF
942 ## - ELEMENTOS DE PUNTO DE ACCESO ADICIONAL (KOHA)
Fuente del sistema de clasificación o colocación Clasificación Universidad Autónoma Chapingo
Tipo de ítem Koha Tesis digital
Holdings
Estado de retiro Estado de pérdida Fuente del sistema de clasificación o colocación Estado dañado Restricciones de uso No para préstamo Código de colección Localización permanente Ubicación/localización actual Ubicación en estantería Fecha de adquisición Total de préstamos Signatura topográfica completa Fecha visto por última vez Precio válido a partir de Tipo de ítem Koha
    Clasificación Universidad Autónoma de Chapingo   Préstamo interno   Tesis digitales de Licenciatura Biblioteca Digital Biblioteca Digital En línea 31/01/2024   Tesis digital 31/01/2024 31/01/2024 Tesis digital